000 00588nam a22002177a 4500
003 UA-OsUOA
001 66689
007 ta
008 20100121b un ||||| |||| 00| 0 ukr d
100 _aСкуба В.
090 _a908
_bС46
942 _cSA
040 _aUA-OsUOA
_bukr
_cUA-OsUOA
_dUA-OsUOA
245 _aІгор Пасічник та Петро Кралюк презентували Острозьку академію у Варшаві
300 _aС.3
955 _a0
041 _aukr
080 _a908
773 0 _w66688
650 7 _a908 Краєзнавство
_2UDC
999 _c352763
_d352763